| 000 | 00504nam a22002057a 4500 | ||
|---|---|---|---|
| 003 | Nust | ||
| 005 | 20211230105414.0 | ||
| 008 | 170117b xxu||||| |||| 00| 0 eng d | ||
| 020 | _a8188458074 | ||
| 038 | _aKhadija | ||
| 040 | _cc | ||
| 082 |
_a621.815 _bKUM |
||
| 100 |
_aKumar, D.S. _987146 |
||
| 245 |
_aElements of Mechanical Engineering / _cD.S. Kumar |
||
| 260 |
_aNew Dehli: _bS. K. Katria; _c2009. |
||
| 300 |
_a563 p. ; _c24 cm. |
||
| 500 | _apaperback. | ||
| 563 | _aPB | ||
| 942 |
_cBK _2ddc |
||
| 999 |
_c32081 _d32081 |
||